000 nam a22 4500
999 _c8890
_d8890
008 180317b ||||| |||| 00| 0 eng d
245 _aScientists find more mammals unique to PH but warn of extinction.
260 _aPhilippines
_bPhilippine Daily Inquirer
_cc2016
300 _apage A4.
650 0 _926883
_aEndangered species.
942 _2ddc
_cPER